000 00668nam a22002057a 4500
008 160923b xxu||||| |||| 00| 0 eng d
020 _a0199574933
040 _aKABU
_cKABU
050 _aQP34.5
_b.P63 2013 C.1
100 _aPocock, Gillian
245 _aHuman Physiology
_cby Gillian Pocock, Christopher D. Richards and david A. Richards
250 _a4th ed.
260 _aUK
_bOxford University press
_c2013
300 _ax, 815 p.
650 _2Human Physiology
_vTextbooks
650 _2Physiology, pathological
_vTextbooks
700 _aRichards, Christopher D.
700 _aRichards ,David A.
942 _2lcc
_cBK
_e4th ed.
_hQP34.5
_k.P63 2013 C.1
999 _c16087
_d16087